Sastera undang-undang

Bibliographic Details
Main Author: Abu Hassan Sham
Format: Book
Published: Kuala Lumpur : Dewan Bhasa dan Pustaka , 1995
Subjects:

MARC

LEADER 00000cam a2200000 7i4500
001 0000061835
005 20160322.0
008 160322
020 |a 9789836248439 
090 0 0 |a 899.23   |b ABU 
100 0 |a Abu Hassan Sham 
245 1 0 |a Sastera undang-undang   |c Abu Hassan Sham 
260 |a Kuala Lumpur :   |b Dewan Bhasa dan Pustaka ,   |c 1995 
300 |a 375p. 
500 |a Includes index, bibliography 
650 0 |a Malay literature 
999 |a 000887205   |b Book   |c Adult Collection   |e Cawangan Muar